[Event "Oberliga Ost-B 1213"]
[Site "Germany"]
[Date "2013.01.13"]
[Round "5.6"]
[White "Mueller, Horst"]
[Black "Osterloh, Felix"]
[Result "1-0"]
[WhiteElo "2170"]
[BlackElo "1762"]
[PlyCount "87"]
[EventDate "2012.09.30"]
[EventType "team-tourn"]
[EventRounds "11"]
[EventCountry "GER"]
[SourceTitle "EXT 2014"]
[Source "ChessBase"]
[SourceDate "2013.11.20"]
[SourceVersion "1"]
[SourceVersionDate "2013.11.20"]
[SourceQuality "1"]
[WhiteTeam "Offenbach"]
[BlackTeam "Jena Schott"]
[WhiteTeamCountry "GER"]
[BlackTeamCountry "GER"]

1. d4 Nf6 2. c4 g6 3. Nc3 Bg7 4. e4 d6 5. f3 0-0 6. Be3 c5 7. Nge2 cxd4 8. Nxd4 Nc6 9. Be2 Bd7 10. Qd2 Rc8 11. 0-0 Qc7 12. Rac1 Qb8 13. Rfd1 b6 14. Bf1 Kh8 15. b3 Ng8 16. Nd5 h6 17. a4 Kh7 18. Nxc6 Bxc6 19. Bd4 Bxd4+ 20. Qxd4 Bxd5 21. cxd5 Rc7 22. Rc6 Nf6 23. Rdc1 Rxc6 24. dxc6 Ne8 25. b4 Nc7 26. b5 Rg8 27. Ra1 Ne6 28. Qc4 Rf8 29. Qc3 Kg8 30. Bc4 Nc7 31. Rd1 Rd8 32. f4 Qc8 33. h3 e6 34. Qf3 a5 35. Qf2 Qb8 36. f5 exf5 37. exf5 g5 38. h4 d5 39. Qd4 Re8 40. Bd3 gxh4 41. Qxh4 Re3 42. Qxh6 Qe8 43. Kf2 d4 44. f6 1-0

[Event "GER-chT U20"]
[Site "Osnabrueck"]
[Date "2012.12.28"]
[Round "4.2"]
[White "Biefel, Christian"]
[Black "Osterloh, Felix"]
[Result "1-0"]
[WhiteElo "1689"]
[BlackElo "1817"]
[PlyCount "22"]
[EventDate "2012.12.27"]
[EventType "team-swiss"]
[EventRounds "7"]
[EventCountry "GER"]
[SourceTitle "EXT 2014"]
[Source "ChessBase"]
[SourceDate "2013.11.20"]
[SourceVersion "1"]
[SourceVersionDate "2013.11.20"]
[SourceQuality "1"]
[WhiteTeam "Heilbronn"]
[BlackTeam "Jena Schott"]
[WhiteTeamCountry "GER"]
[BlackTeamCountry "GER"]

1. c4 Nf6 2. Nc3 g6 3. g3 Bg7 4. Bg2 0-0 5. e3 d6 6. Nge2 e5 7. 0-0 c6 8. d4 Qc7 9. Qc2 Re8 10. Rd1 Nbd7 11. b3 Nb6 1-0

[Event "Oberliga Ost-B 1213"]
[Site "Germany"]
[Date "2012.11.11"]
[Round "3.7"]
[White "Prange, Dieter"]
[Black "Osterloh, Felix"]
[Result "1-0"]
[WhiteElo "2124"]
[BlackElo "1762"]
[PlyCount "55"]
[EventDate "2012.09.30"]
[EventType "team-tourn"]
[EventRounds "11"]
[EventCountry "GER"]
[SourceTitle "EXT 2014"]
[Source "ChessBase"]
[SourceDate "2013.11.20"]
[SourceVersion "1"]
[SourceVersionDate "2013.11.20"]
[SourceQuality "1"]
[WhiteTeam "Marburg"]
[BlackTeam "Jena Schott"]
[WhiteTeamCountry "GER"]
[BlackTeamCountry "GER"]

1. Nf3 Nf6 2. d4 g6 3. g3 Bg7 4. Bg2 0-0 5. 0-0 d6 6. c4 Nbd7 7. Nc3 c6 8. Qc2 Qc7 9. b3 e5 10. Ba3 Re8 11. Rad1 e4 12. Ng5 d5 13. f3 Qa5 14. Bc1 h6 15. Nxf7 Kxf7 16. fxe4 dxe4 17. Nxe4 Qh5 18. Nd6+ Kg8 19. Nxe8 Nxe8 20. e4 Nf8 21. Qf2 Nf6 22. e5 Ng4 23. Qf7+ Kh8 24. h3 Nh7 25. Qe8+ Nf8 26. Rxf8+ Bxf8 27. Qxf8+ Kh7 28. Rf1 1-0

[Event "GER-chT U14"]
[Site "Verden"]
[Date "2008.12.29"]
[Round "6.3"]
[White "Felczer, David"]
[Black "Osterloh, Felix"]
[Result "1-0"]
[WhiteElo "1331"]
[BlackElo "1497"]
[PlyCount "85"]
[EventDate "2008.12.27"]
[EventType "team-swiss"]
[EventRounds "7"]
[EventCountry "GER"]
[SourceTitle "EXT 2010"]
[Source "ChessBase"]
[SourceDate "2010.11.25"]
[SourceVersion "1"]
[SourceVersionDate "2010.11.25"]
[SourceQuality "1"]
[WhiteTeam "Gruendau"]
[BlackTeam "Jena"]
[WhiteTeamCountry "GER"]
[BlackTeamCountry "GER"]

1. e4 e5 2. Nf3 Nc6 3. Bb5 a6 4. Ba4 Nf6 5. 0-0 Be7 6. d4 exd4 7. Nxd4 0-0 8. Re1 b5 9. Bb3 Na5 10. Nc3 c5 11. e5 Ne8 12. Bd5 cxd4 13. Bxa8 dxc3 14. bxc3 Nc6 15. Qf3 Qc7 16. Bxc6 Qxc6 17. Qg3 Qg6 18. Qxg6 fxg6 19. Be3 d6 20. exd6 Bxd6 21. Rad1 Bc7 22. Bc5 Nf6 23. Bxf8 Kxf8 24. Rd3 Bb6 25. Red1 Bc7 26. Rd8+ Bxd8 27. Rxd8+ Ke7 28. Rxc8 Nd5 29. Rc6 Kf7 30. Rxa6 Nxc3 31. Rb6 Ke7 32. a3 Nb1 33. a4 Na3 34. Rxb5 Nxb5 35. axb5 Kd6 36. c4 Kc5 37. f3 Kb6 38. Kf2 Kc5 39. Ke3 Kb6 40. Ke4 Kc7 41. c5 Kd7 42. Kd5 Ke7 43. c6 1-0

[Event "Jena Fair op 8th"]
[Site "Jena"]
[Date "2008.10.16"]
[Round "4"]
[White "Baumert, Andre"]
[Black "Osterloh, Felix"]
[Result "1-0"]
[WhiteElo "1893"]
[BlackElo "1428"]
[PlyCount "49"]
[EventDate "2008.10.15"]
[EventType "swiss"]
[EventRounds "9"]
[EventCountry "GER"]
[SourceTitle "EXT 2009"]
[Source "ChessBase"]
[SourceDate "2008.11.26"]
[SourceVersion "1"]
[SourceVersionDate "2008.11.26"]
[SourceQuality "1"]

1. b3 Nf6 2. c4 g6 3. Bb2 Bg7 4. e3 0-0 5. a3 d6 6. Nf3 c5 7. Qc2 Nc6 8. Be2 Bf5 9. d3 e5 10. Nbd2 Re8 11. Rd1 Qc7 12. 0-0 e4 13. dxe4 Nxe4 14. Nxe4 Bxe4 15. Qd2 Bxb2 16. Qxb2 Rad8 17. Ng5 Bf5 18. g4 Qe7 19. Nxh7 Kxh7 20. gxf5 Qg5+ 21. Kh1 Qxf5 22. Rg1 Qe4+ 23. Rg2 Ne5 24. Rd5 Nf3 25. Rh5+ 1-0

[Event "Jena Fair op 8th"]
[Site "Jena"]
[Date "2008.10.15"]
[Round "1"]
[White "Osterloh, Felix"]
[Black "Kretzschmar, Bernd"]
[Result "0-1"]
[WhiteElo "1428"]
[BlackElo "2015"]
[PlyCount "98"]
[EventDate "2008.10.15"]
[EventType "swiss"]
[EventRounds "9"]
[EventCountry "GER"]
[SourceTitle "EXT 2009"]
[Source "ChessBase"]
[SourceDate "2008.11.26"]
[SourceVersion "1"]
[SourceVersionDate "2008.11.26"]
[SourceQuality "1"]

1. e4 g6 2. d4 Bg7 3. Nc3 d6 4. Nf3 c6 5. Bc4 Nf6 6. Be3 0-0 7. 0-0 b5 8. Bb3 a5 9. e5 Ng4 10. Ng5 d5 11. Qf3 h6 12. Nh3 a4 13. Bxd5 cxd5 14. Qxd5 Qxd5 15. Nxd5 Ra7 16. Nhf4 Nxe3 17. fxe3 e6 18. Nc3 Bd7 19. Nd3 Na6 20. b3 Rc8 21. Ne4 Rxc2 22. Rfc1 Rac7 23. Ndc5 Nb4 24. bxa4 bxa4 25. a3 Rxc1+ 26. Rxc1 Nd5 27. Kf2 h5 28. Rb1 Bh6 29. Nf6+ Nxf6 30. exf6 Bg5 31. Ne4 Rc2+ 32. Kf3 Bc6 33. Rb8+ Kh7 34. Rf8 Bxf6 35. Rxf7+ Bg7 36. h3 g5 37. Re7 Bd5 38. Ra7 Kg6 39. g4 hxg4+ 40. hxg4 Rc4 41. Ra6 Kh6 42. Kg3 Bxe4 43. Rxe6+ Bg6 44. d5 Re4 45. Kf3 Rxe6 46. dxe6 Bb2 47. Ke2 Bxa3 48. Kd2 Be7 49. Kc3 Kg7 0-1